LEADER 01055nam0 22002891i 450 001 RML0301428 005 20231121125744.0 010 $a0140183450 100 $a20121121d1979 ||||0itac50 ba 101 | $aeng 102 $agb 181 1$6z01$ai $bxxxe 182 1$6z01$an 200 1 $aSleep it off lady$estories$fby Jean Rhys 210 $aLondon $cPenguin books $dİ1979 215 $a176 p.$d20 cm 225 | $aPrnguin twentieth-century classics. - London $ePenguin books 410 0$1001RML0331737$12001 $aPrnguin twentieth-century classics. - London $ePenguin books 700 1$aRhys$b, Jean$3RMLV194517$0168037 801 3$aIT$bIT-01$c20121121 850 $aIT-FR0017 899 $aBiblioteca umanistica Giorgio Aprea$bFR0017 912 $aRML0301428 950 0$aBiblioteca umanistica Giorgio Aprea$d 52CIS 11/1276$e 52VM 0000714665 VM barcode:00063363. - Inventario:9134 FLSVM$fA $h20071205$i20121204 977 $a 52 996 $aSleep it off lady$91359537 997 $aUNICAS